Tribhuvan University Central Library

Cash and stock dividend practices in commercial banks (Record no. 61970)

MARC details
000 -LEADER
fixed length control field 00457 a2200169 4500
041 ## - LANGUAGE CODE
Language code of text/sound track or separate title Eng
082 ## - DEWEY DECIMAL CLASSIFICATION NUMBER
Classification number CD5255
100 ## - MAIN ENTRY--PERSONAL NAME
Personal name Shrestha, Riju
245 ## - TITLE STATEMENT
Title Cash and stock dividend practices in commercial banks
260 ## - PUBLICATION, DISTRIBUTION, ETC. (IMPRINT)
Place of publication, distribution, etc Ktm
Name of publisher, distributor, etc NP
Date of publication, distribution, etc 2009
502 ## - DISSERTATION NOTE
Dissertation note Dissertation
Degree type Management
Name of granting institution Nepal commerce Campus
650 ## - SUBJECT ADDED ENTRY--TOPICAL TERM
Topical term or geographic name as entry element Ratio analysis
-- 19259
650 ## - SUBJECT ADDED ENTRY--TOPICAL TERM
Topical term or geographic name as entry element Dividend
-- 10516
650 ## - SUBJECT ADDED ENTRY--TOPICAL TERM
Topical term or geographic name as entry element Bonus distribution
-- 25150
653 ## - INDEX TERM--UNCONTROLLED
Uncontrolled term Management
942 ## - ADDED ENTRY ELEMENTS (KOHA)
Source of classification or shelving scheme Dewey Decimal Classification
Koha item type Audio Visual Materials
Holdings
Withdrawn status Lost status Source of classification or shelving scheme Damaged status Not for loan Home library Current library Date acquired Total Checkouts Full call number Barcode Date last seen Price effective from
    Dewey Decimal Classification     Tribhuvan University Central Library Tribhuvan University Central Library 08/23/2011   CD5255 A4903 08/23/2011 08/23/2011